| 000 | 00376nam a2200133Ia 4500 | ||
|---|---|---|---|
| 008 | 200924s9999 xx 000 0 und d | ||
| 020 | _a978-981-48-4609-7 | ||
| 100 | _aMankiw, N. Gregory | ||
| 245 |
_cN. Gregory Mankiw _aPrinciples of macroeconomics/ |
||
| 250 | _a8th ed. | ||
| 260 |
_aSingapore: _bCENGAGE _c2019 |
||
| 300 |
_axxix, 544 pages _c25 cm. |
||
| 650 | _aEconomics | ||
| 999 |
_c364482 _d364482 |
||